Online Catalogue and eLibrary

Men, Masculinity, and the Media (Record no. 1135)

MARC details
000 -LEADER
fixed length control field 00492nam a2200193Ia 4500
005 - DATE AND TIME OF LATEST TRANSACTION
control field 20250325064401.0
008 - FIXED-LENGTH DATA ELEMENTS--GENERAL INFORMATION
fixed length control field 240331s9999 xx 000 0 und d
020 ## - INTERNATIONAL STANDARD BOOK NUMBER
ISBN 0803941633
082 ## - DDC Classification
Class No. 302.23
Item Number - Author Mark MEN
DDC Edition Number 1101
245 #0 - TITLE STATEMENT
Title Men, Masculinity, and the Media
260 ## - PUBLICATION, DISTRIBUTION, ETC.
Place of publication, distribution, etc. California;
-- London;
-- New Delhi,
Name of publisher, distributor, etc. SAGE Publications
Date of publication, distribution, etc. 1992
300 ## - PHYSICAL DESCRIPTION
Extent (e.g. Volumes, Pages etc.) xii, 271 p.,
650 ## - SUBJECT ADDED ENTRY--TOPICAL TERM
Topical term or geographic name entry element Masculinity
650 ## - SUBJECT ADDED ENTRY--TOPICAL TERM
Topical term or geographic name entry element Media
650 ## - SUBJECT ADDED ENTRY--TOPICAL TERM
Topical term or geographic name entry element Gender
650 ## - SUBJECT ADDED ENTRY--TOPICAL TERM
Topical term or geographic name entry element History
700 ## - ADDED ENTRY--PERSONAL NAME
Personal name Craig, S
Relator term (Role) Editor
942 ## - Koha item type (Biblio)
Koha item type Books in Stacks (Lending)
Holdings
Lost status Damaged status Collection code Home library Current library Shelving location Date acquired Full call number Accession Number Item type
    Lending WERC Library WERC Library Social Science Cupboard 03/31/2024 302.23 MEN 1101 Books in Stacks (Lending)

© WERC Library